[Event "7th Rector Cup"]
[Site "Kharkiv UKR"]
[Date "2005.04.23"]
[Round "4"]
[White "Andreikin,D"]
[Black "Arzumanian,G"]
[Result "1/2-1/2"]
[WhiteElo "2495"]
[BlackElo "2456"]

1.e4 c5 2.Nf3 Nc6 3.d4 cxd4 4.Nxd4 Qb6 5.Nb3 Nf6 6.Nc3 e6 7.a3 Qc7 8.f4 d6
9.g4 a6 10.g5 Nd7 11.Bg2 Be7 12.O-O O-O 13.Rf3 g6 14.Rh3 f6 15.Qg4 Nb6 16.gxf6 Bxf6
17.Rg3 Ne7 18.Qe2 Bd7 19.Be3 Nc4 20.Bc5 dxc5 21.Qxc4 Qxf4 22.Qxc5 Rac8 23.Qe3 Qxe3+
24.Rxe3 Bxc3 25.Rxc3 Rxc3 26.bxc3 Rc8 27.Rd1 Ba4 28.Bh3 Rxc3 29.Bxe6+ Kg7
30.Nd4 Kf6 31.Bb3 Bxb3 32.Nxb3 Rxc2 33.Rd7 b5 34.Nd4 Rd2 35.e5+ Kf7 36.e6+ Kf6
37.Nxb5 Ra2 38.Nc7 Rxa3 39.Rd6 a5 40.Ra6 Ra2 41.Nb5 Ke5 42.Nc3 Ra3 43.Nb5 Ra2
44.Nc3 Ra1+ 45.Kf2 g5 46.Rb6 h6 47.Ra6 Ra3 48.Ne2 Ra2 49.Kf1 h5 50.h4 gxh4
51.Nc3 Ra3 52.Nb5 Ra1+ 53.Kg2 Nd5 54.Kh2 Ra2+ 55.Kh1 Ra1+ 56.Kh2 Ra2+ 57.Kh1 h3
58.Nc3 Ra1+ 59.Kh2 Ne7 60.Kxh3 Nf5 61.Kh2 Ra3 62.Nb5 Ra2+ 63.Kh3 Ra1 64.Na7 Ra3+
65.Kh2 Ne7 66.Nc6+ Nxc6 67.Rxc6 Kf6 68.Ra6 h4 69.Kh1 Ra2 70.Kg1 h3 71.Kh1 a4
72.Kg1 a3 73.Kh1 Ke7 74.Kg1 Rg2+ 75.Kh1 Ra2 76.Kg1 h2+ 77.Kh1 Kf6 78.e7+ Kxe7
79.Re6+  1/2-1/2

[Event "7th Rector Cup"]
[Site "Kharkiv UKR"]
[Date "2005.04.28"]
[Round "9"]
[White "Averjanov,A"]
[Black "Arzumanian,G"]
[Result "1/2-1/2"]
[WhiteElo "2381"]
[BlackElo "2456"]

1.e4 c5 2.Nf3 Nc6 3.d4 cxd4 4.Nxd4 Qb6 5.Nb3 Nf6 6.Nc3 e6 7.Be3 Qc7 8.Bd3 a6
9.f4 d6 10.Qf3 b5 11.O-O-O Bb7 12.g4 g6 13.g5 Nd7 14.Qf2 Bg7 15.Kb1 Rc8 16.Ne2 Nb4
17.Ng3 Nc5 18.Nxc5 dxc5 19.Be2 O-O 20.Bf3 a5 21.c3 Na6 22.e5 Bxf3 23.Qxf3 Rfd8
24.Ne4 c4 25.Rd6 Rxd6 26.exd6 Qc6 27.Rd1 Nb8 28.d7 Nxd7 29.Nf6+ Nxf6 30.Qxc6 Rxc6
31.Rd8+ Ne8 32.Rxe8+ Bf8 33.Bd4 f5 34.gxf6 Kf7 35.Rd8 Bd6 36.Rd7+ Ke8 37.Rxh7 Rc7
38.Rh4 Kf7 39.Kc2 Kg8 40.Be5 Bxe5 41.fxe5 Rc5 42.Re4 a4 43.Kd2 Rd5+ 44.Ke2 Kf7
45.a3 Kf8 46.Kf3 Rd3+ 47.Re3 Rd1 48.Re2 Kf7 49.Ke3 Rd3+ 50.Ke4 Rd8 51.h4 Rd3
52.Rh2 Rd1 53.h5 Re1+ 54.Kd4 Rd1+ 55.Ke3 gxh5 56.Rxh5 Re1+ 57.Kd4 Rd1+ 58.Ke3 Re1+
59.Kd2 Re4 60.Rg5 Kf8 61.Kd1 Re3  1/2-1/2

[Event "7th Rector Cup"]
[Site "Kharkiv UKR"]
[Date "2005.04.30"]
[Round "11"]
[White "Zubov,A UKR"]
[Black "Arzumanian,G"]
[Result "1-0"]
[WhiteElo "2490"]
[BlackElo "2456"]

1.e4 c5 2.Nf3 Nc6 3.d4 cxd4 4.Nxd4 Qb6 5.Nb3 Nf6 6.Nc3 e6 7.Be3 Qc7 8.f3 Bb4
9.Qe2 d5 10.O-O-O Bxc3 11.bxc3 O-O 12.exd5 Nxd5 13.Bd2 e5 14.Qe4 Be6 15.Bd3 f5
16.Qh4 Nf6 17.Rde1 b6 18.g4 e4 19.g5 exd3 20.Rxe6 Nd5 21.Qc4 Ncb4 22.Qxc7 Nxc7
23.Re7 Nbd5 24.Rd7 b5 25.cxd3 Rac8 26.Nd4 Nb6 27.Rd6 Na4 28.Re1 Rfe8 29.Nxf5 Rxe1+
30.Bxe1 Kf8 31.Rc6 Re8 32.Bd2 Nd5 33.Nd4 a6 34.f4 g6 35.h4 Ke7 36.f5 gxf5
37.Nxf5+ Kf8 38.h5 Re5 39.Nd4  1-0

[Event "GM"]
[Site "Ostrava CZE"]
[Date "2005.04.30"]
[Round "1"]
[White "Meszaros,Mi"]
[Black "Vokac,M"]
[Result "0-1"]
[WhiteElo "2354"]
[BlackElo "2454"]

1.e4 c5 2.Nf3 Nc6 3.d4 cxd4 4.Nxd4 Qb6 5.Nb3 Nf6 6.Nc3 e6 7.Bd3 Be7 8.O-O d6
9.Be3 Qc7 10.f4 a6 11.Qf3 O-O 12.Rae1 b5 13.e5 dxe5 14.fxe5 Nxe5 15.Qxa8 Neg4
16.Rf4 Nxe3 17.Qf3 Nc4 18.Rf1 Nxb2 19.Ne4 Nxd3 20.cxd3 Nxe4 21.dxe4 e5 22.Rxf7 Bc5+
23.Nxc5 Rxf7 24.Qc3 Rxf1+ 25.Kxf1 Be6 26.Kg1 Bxa2 27.Qa3 Bc4 28.Nxa6 Qa7+
29.Kh1 b4 30.Qa4 h6 31.Qxb4 Bxa6 32.Qd6 Qf2 33.h3 Bf1  0-1

[Event "10th Cvitanovic Mem"]
[Site "Split CRO"]
[Date "2005.05.01"]
[Round "2"]
[White "Plenkovic,Z"]
[Black "Kurajica,B"]
[Result "1/2-1/2"]
[WhiteElo "2302"]
[BlackElo "2539"]

1.e4 c5 2.Nf3 Nc6 3.d4 cxd4 4.Nxd4 Qb6 5.Nb3 Nf6 6.Nc3 e6 7.Be3 Qc7 8.f3 Bb4
9.Qd2 d5 10.a3 Bxc3 11.Qxc3 dxe4 12.fxe4 Qe5 13.Qxe5 Nxe5 14.Bd4 Nfd7 15.Bb5 O-O
16.O-O-O a6 17.Bxd7 Nxd7 18.Nc5 Nxc5 19.Bxc5 Re8 20.Bb6 e5 21.Rd6 f6 22.Rhd1 Bg4
23.R1d5 Rac8 24.Rc5 Kf7 25.Kd2 h5 26.Rdd5 h4 27.Rxc8 Rxc8 28.Rc5 h3 29.Rxc8 Bxc8
30.g3 Bg4 31.Ke3 Ke6 32.Bc5 g6 33.Bb6 Bd1 34.Kd2 Bf3 35.Ke3  1/2-1/2

[Event "ch-FRA National 1"]
[Site "Lille FRA"]
[Date "2005.05.05"]
[Round "8"]
[White "Picard,Ro"]
[Black "Varga,P1"]
[Result "1/2-1/2"]
[WhiteElo "2335"]
[BlackElo "2432"]

1.e4 c5 2.Nf3 Nc6 3.d4 cxd4 4.Nxd4 Qc7 5.Nc3 e6 6.Be2 a6 7.O-O Nf6 8.Be3 Be7
9.f4 d6 10.a4 O-O 11.Kh1 Re8 12.Bf3 Bf8 13.g4 Rb8 14.g5 Nd7 15.Bg2 b6 16.Qh5 Bb7
17.f5 Nde5 18.Rf4 Nxd4 19.Bxd4 exf5 20.exf5 Bxg2+ 21.Kxg2 Qb7+ 22.Kg1 g6
23.Qh3 gxf5 24.Raf1 Bg7 25.Qxf5 Re6 26.Ne4 Ng6 27.Bxg7 Nxf4 28.Rxf4 Kxg7
29.Nf6 Rh8 30.Nh5+ Kg8 31.Nf6+ Kg7 32.Nh5+  1/2-1/2

[Event "10th Cvitanovic Mem"]
[Site "Split CRO"]
[Date "2005.05.05"]
[Round "6"]
[White "Bozanic,I"]
[Black "Kurajica,B"]
[Result "0-1"]
[WhiteElo "2227"]
[BlackElo "2539"]

1.e4 c5 2.Nf3 Nc6 3.d4 cxd4 4.Nxd4 Qb6 5.Nb3 Nf6 6.Nc3 e6 7.Be3 Qc7 8.f3 Bb4
9.Qd2 d5 10.a3 Bxc3 11.Qxc3 dxe4 12.fxe4 O-O 13.Bd3 Ng4 14.Bc5 Rd8 15.O-O-O b6
16.Bg1 Nge5 17.Nd4 Nxd3+ 18.Rxd3 Bb7 19.Rg3 g6 20.Be3 Rac8 21.Nxc6 Qxc6 22.Qxc6 Bxc6
23.e5 Ba4 24.c3 Rd5 25.Rg4 Bb3 26.Bd4 f5 27.exf6 e5 28.f7+ Kxf7 29.Rf1+  0-1

[Event "ch-FRA National 1"]
[Site "Lille FRA"]
[Date "2005.05.06"]
[Round "9"]
[White "Inkiov,V"]
[Black "Parmentier,X"]
[Result "1-0"]
[WhiteElo "2474"]
[BlackElo "2319"]

1.e4 c5 2.Nf3 Nc6 3.d4 cxd4 4.Nxd4 Qc7 5.Nc3 e6 6.a3 a6 7.Nb3 b5 8.Bd3 Nf6
9.O-O Bb7 10.f4 d6 11.Qf3 Be7 12.Qh3 b4 13.axb4 Nxb4 14.Be3 O-O 15.Na5 Rfb8
16.Kh1 Nxd3 17.cxd3 Bc6 18.Rfc1 Bd8 19.Nd5 exd5 20.Nxc6 Rxb2 21.Bd4 Rb5 22.e5 dxe5
23.fxe5 Ne8 24.e6 Bg5 25.Ne5 Bxc1 26.exf7+ Kf8 27.Qxh7 Ke7 28.Qg8 Nd6 29.Qxg7 Ke6
30.f8=N+ Rxf8 31.Qxc7  1-0

[Event "10th Open"]
[Site "Stuttgart GER"]
[Date "2005.05.06"]
[Round "4"]
[White "Kabisch,T"]
[Black "Gutman,L"]
[Result "0-1"]
[WhiteElo "2262"]
[BlackElo "2469"]

1.e4 c5 2.Nf3 Nc6 3.d4 cxd4 4.Nxd4 Qc7 5.Be3 e6 6.Be2 Nf6 7.Nc3 a6 8.O-O Bb4
9.f3 h6 10.a3 Bxc3 11.bxc3 d5 12.Nxc6 bxc6 13.Bd4 e5 14.Bc5 Qa5 15.Bd6 Qxc3
16.Bb4 Qe3+ 17.Kh1 Be6 18.c4 a5 19.Bd6 Rd8 20.Bc7 Rd7 21.cxd5 Bxd5 22.exd5 Nxd5
23.Bxa5 Nf4 24.Qb1 Qxe2 25.Qb8+ Ke7 26.Qb4+ Kf6 27.Rg1 Nd3 28.Rge1 Qxe1+
29.Rxe1 Nxb4 30.axb4 Ra8 31.h3 c5 32.Rc1 Rd5 33.Kh2 Ke6 34.g4 Ra6 35.Rc2 Kd7
36.Kg3 Kc6 37.Bd8 Rxd8  0-1

[Event "ch-FRA National 1"]
[Site "Lille FRA"]
[Date "2005.05.07"]
[Round "10"]
[White "Kotronias,V"]
[Black "Varga,P1"]
[Result "1-0"]
[WhiteElo "2578"]
[BlackElo "2432"]

1.e4 c5 2.Nf3 Nc6 3.d4 cxd4 4.Nxd4 Qc7 5.Nc3 e6 6.Be3 Nf6 7.Bd3 a6 8.O-O Ne5
9.h3 Bc5 10.Qd2 d6 11.f4 Ng6 12.Qf2 O-O 13.Rae1 b5 14.e5 dxe5 15.Nxe6 Bxe6
16.Bxc5 Nxf4 17.Bxf8 Rxf8 18.Qe3 Nd7 19.a3 Re8 20.Rf2 f6 21.Bf1 Nb6 22.Rd1 Nfd5
23.Nxd5 Nxd5 24.Qf3 Nb6 25.Bd3 Rf8 26.Qh5 f5 27.Bxf5 Bxf5 28.Rxf5 Qc5+ 29.Kh1 Nc4
30.Rd7 Rxf5 31.Qxf5 Qf8 32.Qe6+ Kh8 33.Rf7 Qd8 34.Qd7  1-0

[Event "Torch Real Estate Cup"]
[Site "Wuxi CHN"]
[Date "2005.05.13"]
[Round "12"]
[White "Zhang Jilin"]
[Black "Skripchenko,A"]
[Result "1/2-1/2"]
[WhiteElo "2336"]
[BlackElo "2453"]

1.e4 c5 2.Nf3 Nc6 3.d4 cxd4 4.Nxd4 Qc7 5.Nc3 e6 6.Be2 a6 7.O-O Nf6 8.Kh1 Bb4
9.Nxc6 dxc6 10.f4 Bxc3 11.bxc3 c5 12.e5 Nd5 13.Qe1 Bd7 14.c4 Ne7 15.Bf3 Bc6
16.Qf2 b6 17.Rb1 O-O 18.Bxc6 Nxc6 19.Be3 Rfd8 20.Rb2 Na5 21.Qe2 Qc6 22.Bf2 Qa4
23.Rxb6 Nxc4 24.Rb7 Nd2 25.Rd1 Qe4 26.Qxe4 Nxe4 27.Rxd8+ Rxd8 28.Be1 g5 29.Kg1 gxf4
30.Rb6 Ra8 31.Kf1 Kg7 32.a4 Kg6 33.Rb7 h6 34.Ke2 Kf5 35.Rxf7+ Kxe5 36.Rh7 Rg8
37.Kf1 Rb8 38.Rxh6 Rb2 39.Rh5+ Kd4 40.Rh6 e5 41.Rxa6 Rxc2 42.Re6 c4 43.a5 Ra2
44.a6 Nc5 45.Rd6+ Ke4 46.h4 Nxa6 47.h5 Nc5 48.h6 Ra8 49.h7 Rh8 50.Rh6 Nd7
51.Bh4 Kf5 52.Be7 e4 53.Ke2 c3 54.Bh4 Kg4  1/2-1/2

[Event "48th TCh-SCG"]
[Site "Herceg Novi SCG"]
[Date "2005.05.15"]
[Round "1"]
[White "Todorovic,J"]
[Black "Ivanisevic,I"]
[Result "0-1"]
[WhiteElo "2387"]
[BlackElo "2542"]

1.e4 c5 2.Nf3 Nc6 3.d4 cxd4 4.Nxd4 Qc7 5.Nb5 Qb8 6.Bd3 Nf6 7.O-O a6 8.N5c3 e6
9.f4 d6 10.Be3 b5 11.Nd2 Be7 12.Qf3 Bb7 13.Qh3 h5 14.Kh1 Nb4 15.Bg1 g6 16.a3 Nxd3
17.cxd3 Ng4 18.Nf3 Qd8 19.Qg3 Nf6 20.Qe1 h4 21.h3 Nh5 22.Ne2 f5 23.Bf2 fxe4
24.dxe4 Bxe4 25.Ned4 Bxf3 26.gxf3 Qd7 27.Nxe6 Kf7 28.f5 gxf5 29.Nd4 Bf6 30.Qd2 Rag8
31.Rg1 Ng3+ 32.Bxg3 hxg3 33.Kg2 Be5 34.Rh1 Rh4 35.Ne2 f4 36.Rac1 Rgh8 37.Qd5+ Kf6
38.Ng1 R4h7 39.Rc6 Rc8 40.Rxc8 Qxc8 41.Ne2 Rc7 42.Nc3 Kg6 43.Re1 Rh7 44.Rh1 Qc4
45.Qd2 Bxc3 46.bxc3 Re7 47.Re1  0-1

[Event "62nd ch-GEO w"]
[Site "Tblisi GEO"]
[Date "2005.05.16"]
[Round "11"]
[White "Tsereteli,T"]
[Black "Khurtsidze,N"]
[Result "1-0"]
[WhiteElo "2273"]
[BlackElo "2418"]

1.e4 c5 2.Nf3 Nc6 3.d4 cxd4 4.Nxd4 Qb6 5.Nb3 Nf6 6.Nc3 e6 7.Bd3 a6 8.O-O Qc7
9.f4 d6 10.a4 b6 11.Qf3 Bb7 12.Qg3 h5 13.Be3 Be7 14.Rae1 Ng4 15.Bd2 Qd8 16.Qf3 Bh4
17.g3 Bf6 18.Bc4 Qc7 19.Bd3 Nd4 20.Nxd4 Bxd4+ 21.Kg2 f5 22.h3 Nf6 23.Kh2 Kf7
24.Qd1 Qc6 25.Qe2 Rh6 26.Be3 Bxe3 27.Qxe3 h4 28.Rg1 hxg3+ 29.Qxg3 g6 30.exf5 exf5
31.Bxf5 Rah8 32.Bxg6+ Kf8 33.Bf5 Rg8 34.Qf2 Rhh8 35.Rg5 b5 36.axb5 axb5 37.Ne4 Rh6
38.Nxf6 Rxf6 39.Rxg8+ Kxg8 40.Qg3+ Kf8 41.Rg1 Rxf5 42.Qg8+ Ke7 43.Rg7+  1-0

[Event "48th TCh-SCG"]
[Site "Herceg Novi SCG"]
[Date "2005.05.20"]
[Round "6"]
[White "Kovacevic,A"]
[Black "Stojanovic,Da"]
[Result "1-0"]
[WhiteElo "2550"]
[BlackElo "2452"]

1.e4 c5 2.Nf3 Nc6 3.d4 cxd4 4.Nxd4 Qc7 5.Nc3 e6 6.Be2 a6 7.O-O Nf6 8.Be3 Be7
9.f4 d6 10.Kh1 O-O 11.a4 Re8 12.Bf3 Bf8 13.Nb3 Nd7 14.a5 b5 15.axb6 Nxb6
16.Nb5 axb5 17.Bxb6 Qb8 18.Rxa8 Qxa8 19.Qe2 b4 20.Ra1 Qb7 21.Be3 Bd7 22.Qa6 Qxa6
23.Rxa6 Rc8 24.Kg1 g6 25.Nd2 e5 26.Be2 exf4 27.Bxf4 Nd4 28.Bd3 Nxc2 29.Bxd6 Bh6
30.Nf3 b3 31.Ne5 Be3+ 32.Kf1 Nd4 33.Ra1 Bb5 34.Bxb5 Nxb5 35.Bb4 f6 36.Nd3 Nd4
37.Ra6 Re8 38.Rxf6 Rxe4 39.Rb6 Re8 40.Bc5 Nc2 41.Rxb3 Bxc5 42.Nxc5 Rf8+ 43.Rf3 Rb8
44.b3 Nd4 45.Rd3 Rf8+ 46.Ke1 Nc2+ 47.Ke2 Re8+ 48.Kd2 Nb4 49.Rd4 Nc6 50.Re4 Rf8
51.Nd3 Ra8 52.Rc4 Na5 53.Rb4 Nc6 54.Ra4 Rd8 55.Kc3 Re8 56.b4 Kf7 57.b5 Ne7
58.Rd4 Rc8+ 59.Kb3 Ke6 60.Nb4 Nf5 61.Re4+ Kd6 62.g4 Ne7 63.Rd4+ Ke5 64.Rd7 Ke6
65.Ra7 Kd6 66.b6 Nc6 67.Rxh7 Rb8 68.Nxc6 Kxc6 69.b7  1-0

[Event "ch-UKR sf"]
[Site "Alushta UKR"]
[Date "2005.05.21"]
[Round "6"]
[White "Onischuk,V"]
[Black "Gasanov,E"]
[Result "1-0"]
[WhiteElo "2353"]
[BlackElo "2438"]

1.e4 c5 2.Nf3 Nc6 3.d4 cxd4 4.Nxd4 Qb6 5.Nb3 Nf6 6.Nc3 e6 7.Be3 Qc7 8.f4 d6
9.g4 a6 10.g5 Nd7 11.Qf3 b5 12.O-O-O Nc5 13.Nxc5 dxc5 14.h4 Bb7 15.Bg2 Nd4
16.Bxd4 cxd4 17.Rxd4 Bd6 18.Ne2 e5 19.Rd3 exf4 20.Rf1 O-O 21.Nxf4 Rac8 22.Rc3 Bxf4+
23.Kb1 Qxc3 24.bxc3 Be5 25.h5 Bxc3 26.Bh3 Rc6 27.Bd7 Rc7 28.Be6 Re7 29.g6 b4
30.gxf7+ Kh8 31.Qg4 Bc6 32.Qf5 Bd4 33.Rd1  1-0

[Event "ch-UKR sf"]
[Site "Alushta UKR"]
[Date "2005.05.21"]
[Round "6"]
[White "Lichman,P"]
[Black "Kononenko,Dmitry1"]
[Result "0-1"]
[WhiteElo "2256"]
[BlackElo "2437"]

1.e4 c5 2.Nf3 Nc6 3.d4 cxd4 4.Nxd4 Qb6 5.Nb3 Nf6 6.Nc3 e6 7.Be3 Qc7 8.Be2 Bb4
9.f3 d5 10.Bd3 dxe4 11.fxe4 Ne5 12.O-O Neg4 13.Bb5+ Ke7 14.Bf4 e5 15.Bg5 Bxc3
16.bxc3 Qb6+ 17.Kh1 Qxb5 18.Qf3 h6 19.Bh4 g5 20.Bg3 h5 21.h4 gxh4 22.Bxh4 Rh6
23.Rad1 Be6 24.Rb1 Bxb3 25.Rxb3 Qc6 26.c4 Kf8 27.Qf5 b6 28.Rbf3 Qxe4 29.Qxe4 Nxe4
30.Rxf7+ Kg8 31.Rc7 Rf8 32.Re1 Rh7 33.Rc6 Rhf7 34.Kg1 Nd2  0-1

[Event "Open"]
[Site "Znojmo CZE"]
[Date "2005.05.22"]
[Round "9"]
[White "Van der Laan,D"]
[Black "Vokac,M"]
[Result "0-1"]
[WhiteElo "2251"]
[BlackElo "2454"]

1.e4 c5 2.Nf3 Nc6 3.d4 cxd4 4.Nxd4 Qb6 5.Nb3 Nf6 6.Nc3 e6 7.Qe2 d6 8.Be3 Qc7
9.g4 a6 10.g5 Nd7 11.f4 b5 12.a3 g6 13.Bg2 Bb7 14.Qf2 Bg7 15.Nd4 Nxd4 16.Bxd4 e5
17.fxe5 Nxe5 18.O-O-O O-O 19.h4 Qe7 20.Qg3 Rac8 21.h5 Rc4 22.hxg6 fxg6 23.Bf1 Rxd4
24.Rxd4 Nf3 25.Rd1 Be5 26.Qh3 Nxg5 27.Qd3 Rf3 28.Qe2 Rxc3 29.bxc3 d5 30.Kb2 Nxe4
31.Rh3 b4 32.Rhd3 Qc5 33.axb4 Qxb4+ 34.Ka1 Qa3+ 35.Kb1 Bxc3 36.Rxc3 Nxc3+  0-1

[Event "ch-UKR w"]
[Site "Alushta UKR"]
[Date "2005.05.23"]
[Round "8"]
[White "Kalinina,L"]
[Black "Baklanova,T"]
[Result "0-1"]
[WhiteElo "2177"]
[BlackElo "2250"]

1.e4 c5 2.Nf3 Nc6 3.d4 cxd4 4.Nxd4 Qb6 5.Nxc6 bxc6 6.Bd3 g6 7.O-O Bg7 8.Nc3 Nf6
9.Na4 Qc7 10.c4 O-O 11.Be3 d6 12.h3 Rb8 13.Qd2 Rd8 14.Rac1 Nd7 15.b4 Ne5
16.Be2 f5 17.f4 Nf7 18.Bf3 e5 19.b5 cxb5 20.cxb5 Qe7 21.b6 exf4 22.bxa7 Ra8
23.Bb6 fxe4 24.Rc7 Qe5 25.Rxf7 Kxf7 26.Bxe4 d5 27.Bxd8 dxe4 28.Qxf4+ Qxf4
29.Rxf4+ Ke8 30.Bb6 Bb7 31.Kf1 Be5 32.Rh4 h5 33.Nc5 Bg3 34.Rxh5 gxh5 35.Nxb7 Ke7
36.Ke2 Bf4 37.a4 Kd7 38.a5 Kc6 39.Nd8+ Kd7 40.Nf7 Ke6 41.Nd8+ Kd7 42.g4 hxg4
43.hxg4 Bc7 44.Ne6 Kxe6 45.Bxc7 Rxa7 46.Bb6 Ra8 47.Ke3 Ke5 48.Bc7+ Kd5 49.g5 Rg8
50.a6 Ra8 51.Bd8 Rxd8  0-1

[Event "Chigorin CC"]
[Site "St Petersburg RUS"]
[Date "2005.05.25"]
[Round "9"]
[White "Lychik,R"]
[Black "Nikolaev,V RUS"]
[Result "0-1"]
[WhiteElo "2050"]
[BlackElo "2201"]

1.e4 c5 2.Nf3 Nc6 3.d4 cxd4 4.Nxd4 Qc7 5.Nb5 Qb8 6.Bc4 Nf6 7.O-O a6 8.Nd4 e6
9.Re1 Qc7 10.Nxc6 Qxc6 11.Bd3 b5 12.Nc3 Bb7 13.Bg5 Be7 14.f3 b4 15.Bxf6 Bxf6
16.Ne2 Bxb2 17.Rb1 Bf6 18.Kh1 a5 19.Nf4 d6 20.Nd5 Bd8 21.a3 O-O 22.Ne3 bxa3
23.Ra1 Qc5 24.Nc4 Bf6 25.Ra2 Bc3 26.Re2 d5 27.Nxa3 dxe4 28.fxe4 Qh5 29.Nc4 Rfd8
30.Qf1 Ba6 31.Ra3 Bb4 32.Ra1 Qc5 33.Rf2 Ra7 34.Qe2 Rad7 35.Nb2 Bb7 36.Raf1 Qd4
37.Nd1 Bc5 38.Rf4 Qe5 39.Qg4 a4 40.Qf3 Bd6 41.Rh4 a3 42.Bc4 Bc5 43.Nc3 g6
44.Qh3 h5 45.Qf3 Rf8 46.g4 Be7 47.Rh3 h4 48.Bb3 g5 49.Qe2 Bb4 50.Rff3 Bxc3
51.Rxc3 Bxe4+ 52.Kg1 Rfd8 53.Rhd3 Rxd3 54.Rxd3 Qa1+ 55.Kf2 Bxd3 56.cxd3 Qb2  0-1

[Event "30th Elekes Mem GM"]
[Site "Budapest HUN"]
[Date "2005.05.30"]
[Round "10"]
[White "Fogarasi,T"]
[Black "Paschall,W"]
[Result "1/2-1/2"]
[WhiteElo "2462"]
[BlackElo "2400"]

1.e4 c5 2.Nf3 Nc6 3.d4 cxd4 4.Nxd4 Qb6 5.Nb3 Nf6 6.Nc3 e6 7.Bd3 d6 8.Be3 Qc7
9.f4 a6 10.Qf3 Be7 11.O-O O-O 12.Kh1 Nb4 13.Bd4  1/2-1/2

[Event "14th CRO-Cup"]
[Site "Sibenik CRO"]
[Date "2005.05.30"]
[Round "1"]
[White "Solic,K"]
[Black "Bilobrk,F"]
[Result "0-1"]
[WhiteElo "2147"]
[BlackElo "2403"]

1.e4 c5 2.Nf3 Nc6 3.d4 cxd4 4.Nxd4 Qc7 5.Nc3 e6 6.Ndb5 Qb8 7.Be3 Nf6 8.Be2 a6
9.Nd4 Bb4 10.O-O Bxc3 11.bxc3 Nxe4 12.Nxc6 bxc6 13.Qd4 Nf6 14.Rab1 Qc7 15.Bf4 Qa5
16.Be5 Qd5 17.Bxf6 gxf6 18.Qxf6 Rg8 19.Bf3 Qxa2 20.Be4 Qa5 21.Bxh7 Qg5 22.Qxg5 Rxg5
23.Bd3 a5 24.Rb3 Ke7 25.f4 Rd5 26.g4 Ba6 27.Rf3 Bxd3 28.cxd3 a4 29.Ra3 Rb5
30.Rf2 Rb3 31.Rxb3 axb3 32.Rb2 Ra1+  0-1

[Event "14th CRO-Cup"]
[Site "Sibenik CRO"]
[Date "2005.05.31"]
[Round "3"]
[White "Vujakovic,B"]
[Black "Bilobrk,F"]
[Result "1/2-1/2"]
[WhiteElo "2380"]
[BlackElo "2403"]

1.e4 c5 2.Nf3 Nc6 3.d4 cxd4 4.Nxd4 Qc7 5.Nc3 e6 6.Be2 a6 7.O-O Nf6 8.Be3 Be7
9.f4 d6 10.a4 O-O 11.Qe1 Nxd4 12.Bxd4 e5 13.Be3 exf4 14.Bxf4 Be6 15.Qg3 Nd7
16.Bh6 Qc5+ 17.Kh1 Qe5 18.Bf4 Qc5 19.Nd5 Bxd5 20.Bh6 Qd4 21.exd5 Kh8 22.c3 Qe5
23.Bf4 Qxe2 24.Rae1 Qc4 25.b3 Qxb3 26.Rxe7 Nf6 27.Bxd6 Qxd5 28.Be5 Rae8 29.Bxf6 gxf6
30.Qf2 Qc6 31.Rc7  1/2-1/2

[Event "FSGM June"]
[Site "Budapest HUN"]
[Date "2005.06.06"]
[Round "3"]
[White "Hoffmann,Mi1"]
[Black "Paschall,W"]
[Result "1/2-1/2"]
[WhiteElo "2476"]
[BlackElo "2400"]

1.e4 c5 2.Nf3 Nc6 3.d4 cxd4 4.Nxd4 Qb6 5.Nb3 Nf6 6.Nc3 e6 7.Qe2 Bb4 8.Bd2 O-O
9.a3 Be7 10.O-O-O d5 11.exd5 Nxd5 12.Nxd5 exd5 13.Bc3 Be6 14.Nd4 Bg5+ 15.Kb1 Bf6
16.Qd2 Nxd4 17.Bxd4 Bxd4 18.Qxd4 Qxd4 19.Rxd4 Rac8 20.Kc1 Rfd8 21.Bd3 Rd6
22.Re1 h6 23.f4 Kf8 24.Kd2 Rcd8 25.Ra4 a6 26.Rb4 Bc8 27.Rd4 Rb6 28.b3 Rbd6
29.f5 b6 30.Re3 f6 31.g4 R8d7 32.Be2 Bb7 33.Bf3 a5 34.Red3 Ba6 35.c4 a4 36.Bxd5 axb3
37.Kc3 b2 38.Kxb2  1/2-1/2

[Event "FSIM June"]
[Site "Budapest HUN"]
[Date "2005.06.08"]
[Round "5"]
[White "Lengyel,B"]
[Black "Paridar,S"]
[Result "1/2-1/2"]
[WhiteElo "2302"]
[BlackElo "2263"]

1.e4 c5 2.Nf3 Nc6 3.d4 cxd4 4.Nxd4 Qc7 5.Nb5 Qb8 6.c4 Nf6 7.N5c3 e6 8.Be3 b6
9.Be2 Bd6 10.g3 O-O 11.f4 Bc5 12.Qd2 Bxe3 13.Qxe3 d5 14.e5 d4 15.Qc1 Nxe5
16.fxe5 Qxe5 17.Qf4 Qxf4 18.gxf4 dxc3 19.Nxc3 Bb7 20.O-O Rfd8 21.Rfd1 Kf8
22.Kf2 Ke7 23.Ke3 g6 24.Rxd8 Rxd8 25.Nb5 a6 26.Nc3 Nd7 27.b4 Rc8 28.Na4 h6
29.Rd1 Rc7 30.h4 Bc6 31.Nc3 Nf6 32.Rb1 Bd5 33.Kd4 Ba8 34.Rb3 Nd7 35.Ra3 Bb7
36.Na4 f6 37.Rg3 e5+ 38.fxe5 fxe5+ 39.Kd3 Rc6 40.Nc3 Rd6+ 41.Ke3 Rd4 42.Rxg6 Rxh4
43.Rg7+ Kd6 44.Bg4 Nf6 45.Bf5 Rxc4 46.Rxb7 Rxc3+ 47.Kd2 Rc6 48.a4 Kd5 49.Bd3 a5
50.Bb5 Ne4+ 51.Ke3 Rc3+ 52.Ke2 axb4 53.Rxb6 b3 54.Bd3 Nc5 55.Bh7 Nxa4 56.Bg8+ Kc5
57.Rxb3 Rxb3 58.Bxb3 Nc3+ 59.Kd3 Nb5 60.Ke4 Kd6 61.Bc4 Nc3+ 62.Kf5 Kc5 63.Bf1 e4
64.Kg6 Kd4 65.Kxh6 Ke3 66.Bg2  1/2-1/2

[Event "National Open"]
[Site "Las Vegas USA"]
[Date "2005.06.10"]
[Round "2"]
[White "Strenzwilk,D"]
[Black "Falcon Perez,G"]
[Result "1/2-1/2"]
[WhiteElo "2104"]
[BlackElo "2206"]

1.e4 c5 2.Nf3 Nc6 3.d4 cxd4 4.Nxd4 Qc7 5.Nc3 e6 6.g3 Nf6 7.Bg2 a6 8.O-O Be7
9.Re1 Nxd4 10.Qxd4 d6 11.a4 O-O 12.h3 Nd7 13.Be3 Ne5 14.Ra2 Nc4 15.Bc1 Bd7
16.Qd3 Rac8 17.Kh2 Rfd8 18.f4 Be8 19.b3 Na5 20.Bd2 Nc6 21.Ne2 Qb6 22.a5 Qc7
23.c4 Nb8 24.Nc3 Nd7 25.Na4 Nc5 26.Nxc5 dxc5 27.Qe3 Bc6 28.Bc3 Rd7 29.Ree2 b5
30.axb6 Qxb6 31.Ba5 Qb7 32.Red2 Rb8 33.Rxd7 Bxd7 34.Rd2 Bc6 35.Rd3 h6 36.Qe2 Kf8
37.e5 g6 38.Qd2 Kg7 39.Bxc6 Qxc6 40.Rd7 Rb7 41.Rxb7 Qxb7 42.Qd3 g5 43.Bd2 f5
44.exf6+ Bxf6 45.fxg5 hxg5 46.Bc3 e5 47.Bb2 a5  1/2-1/2

[Event "FSIM June"]
[Site "Budapest HUN"]
[Date "2005.06.12"]
[Round "9"]
[White "Torma,R"]
[Black "Paridar,S"]
[Result "0-1"]
[WhiteElo "2227"]
[BlackElo "2263"]

1.e4 c5 2.Nf3 Nc6 3.d4 cxd4 4.Nxd4 Qc7 5.Nb5 Qb8 6.Bd3 g6 7.O-O Bg7 8.f4 d6
9.N5c3 Nf6 10.Nd5 O-O 11.Nbc3 Nxd5 12.exd5 Nd4 13.Ne2 Nf5 14.Ng3 Nxg3 15.hxg3 Qc7
16.Kh2 Qc5 17.Qf3 e6 18.dxe6 fxe6 19.Be3 Qb4 20.Rab1 d5 21.Qe2 Bd7 22.a3 Qd6
23.Bd2 a5 24.Rfe1 Rfe8 25.Bb5 e5 26.Bxd7 Qxd7 27.Qf2 Rf8 28.Re2 Qf5 29.Qf3 e4
30.Qe3 Rfe8 31.Rbe1 Bxb2 32.Bc3 Bxc3 33.Qxc3 b6 34.Qb3 Re6 35.c4 a4 36.Qa2 Rd8
37.cxd5 Rxd5 38.Qc4 b5 39.Qc8+ Kg7 40.Kg1 Rd3 41.g4 Qd5 42.Qc7+ Kg8 43.Qc8+ Kf7
44.Qc7+ Re7  0-1

[Event "FSIM June"]
[Site "Budapest HUN"]
[Date "2005.06.14"]
[Round "11"]
[White "Farago,S"]
[Black "Paridar,S"]
[Result "0-1"]
[WhiteElo "2262"]
[BlackElo "2263"]

1.e4 c5 2.Nf3 Nc6 3.d4 cxd4 4.Nxd4 Qc7 5.Nc3 e6 6.a3 a6 7.Be3 b5 8.Be2 Ne5
9.O-O Nc4 10.Bc1 Bb7 11.Qd3 Rc8 12.f4 Nxa3 13.Kh1 b4 14.Bf3 bxc3 15.bxa3 Nf6
16.Rb1 Be7 17.Ne2 d5 18.exd5 Bxd5 19.Qxa6 O-O 20.Bxd5 Nxd5 21.Qd3 Rfd8 22.Qf3 Bf6
23.Ng3 Nb6 24.Ne4 Bd4 25.f5 exf5 26.Qxf5 Rd5 27.Qf3 Rd7 28.Rb5 Be5 29.Be3 Nc4
30.Nc5 Nxe3 31.Nxd7 Nxf1 32.Nxe5 Nd2 33.Qd5 Rd8 34.Rb7 Rxd5 35.Rxc7 h6 36.Nd3 Nb1
37.a4 Ra5 38.Rc4 Na3 39.Rxc3 Rxa4 40.h3 Nc4 41.Nc5 Ra1+ 42.Kh2 Nd2 43.h4 Nf1+
44.Kh3 Re1 45.Nd7 h5 46.g3 Re2  0-1

[Event "III Open"]
[Site "Bajada de la Virgen ESP"]
[Date "2005.06.16"]
[Round "6"]
[White "Andrades Campo,F"]
[Black "Tissir,M"]
[Result "0-1"]
[WhiteElo "2204"]
[BlackElo "2442"]

1.e4 c5 2.Nf3 Nc6 3.d4 cxd4 4.Nxd4 Qb6 5.Nb5 a6 6.Be3 Qa5+ 7.N5c3 Nf6 8.Nd2 b5
9.Nb3 Qc7 10.Qd2 e6 11.Bf4 Ne5 12.a3 d6 13.Rd1 Be7 14.Be2 O-O 15.O-O Bb7
16.Qe3 Rfd8 17.Bg3 Nc4 18.Bxc4 bxc4 19.Nd2 Nh5 20.Ne2 Rac8 21.c3 Nxg3 22.Qxg3 Qb6
23.Rb1 Qc5 24.Kh1 Qh5 25.Qe3 Qg6 26.f4 f5 27.Rf3 fxe4 28.Rg3 Qf5 29.Nd4 Qd5
30.f5 exf5 31.Qh6 Bf8 32.Qg5 Rd7 33.Nxf5 Kh8 34.Nf1 Qe5 35.N1e3 g6 36.Qg4 Rf7
37.Nd4 Bh6 38.h3 Bf4 39.Ne2 Bxg3 40.Nxg3 d5 41.Rd1 Rcf8 42.Ngf1 Bc8 43.Qh4 Be6
44.Qh6 Kg8 45.Nh2 Qg3 46.Nhf1 Qe5 47.Qh4 Rf2 48.Qe7 R8f7 49.Qe8+ Kg7 50.Nh2 Rf8
51.Qc6 Bxh3  0-1

[Event "III Open"]
[Site "Bajada de la Virgen ESP"]
[Date "2005.06.17"]
[Round "7"]
[White "Hernandez Leon,A"]
[Black "Alias Ginel,O"]
[Result "0-1"]
[WhiteElo "2033"]
[BlackElo "2230"]

1.e4 c5 2.Nf3 Nc6 3.d4 cxd4 4.Nxd4 Qc7 5.Nc3 e6 6.Be3 a6 7.Bd3 Bd6 8.h3 Nge7
9.O-O Ng6 10.Nde2 b5 11.f4 Na5 12.e5 Bc5 13.Bxc5 Qxc5+ 14.Kh2 Bb7 15.Ng3 Nc4
16.Nge4 Bxe4 17.Nxe4 Qd4 18.Bxc4 Qxe4 19.Bd3 Qb4 20.Qf3 O-O 21.b3 Rad8 22.c4 d6
23.exd6 Rxd6 24.Rad1 Rfd8 25.Qe2 bxc4 26.Bxc4 Nxf4 27.Qf3 Rxd1 28.Rxd1 Rxd1
29.Qxd1 Nd5 30.Bxa6 Qd6+  0-1

[Event "White Nights"]
[Site "St Petersburg RUS"]
[Date "2005.06.19"]
[Round "2"]
[White "Lychik,R"]
[Black "Altshul,R"]
[Result "0-1"]
[WhiteElo "2050"]
[BlackElo "2277"]

1.e4 c5 2.d4 cxd4 3.Nf3 Nc6 4.Nxd4 Qb6 5.Nb3 Nf6 6.Nc3 e6 7.Be3 Qc7 8.Bd3 Bb4
9.Bd2 a6 10.a3 Be7 11.f4 d6 12.Qf3 b5 13.O-O Bb7 14.Rae1 Rc8 15.Qg3 g6 16.Be3 O-O
17.f5 Ne5 18.fxe6 fxe6 19.Bh6 Rfe8 20.Kh1 Nfg4 21.Bd2 Qd8 22.Qh3 Bg5 23.Bxg5 Qxg5
24.Qg3 Qe7 25.h3 Nf6 26.Qg5 Nh5 27.Qxe7 Rxe7 28.Kh2 Kg7 29.g4 Nf6 30.Re2 Nfd7
31.Ref2 Nc5 32.Nxc5 Rxc5 33.Rf8 Rc8 34.Rxc8 Bxc8 35.Kg3 g5 36.h4 h6 37.hxg5 hxg5
38.Ne2 Nc6 39.c3 Ne5 40.Nc1 Bb7 41.Re1 Rf7 42.Re3 Rf4 43.Ne2 Rxg4+ 44.Kh3 Rh4+
45.Kg3 Kf6 46.Bc2 Nc4 47.Rf3+ Ke5 48.Nd4 Nd2 49.Rf7 Nxe4+ 50.Kg2 Rg4+ 51.Kh3 Rh4+
52.Kg2 Nc5+ 53.Kg3 Bd5 54.Rg7 Rh5 55.Kg4 Rh2 56.Rxg5+ Kf6 57.Rg6+ Kf7 58.Rg5 Na4
59.Bg6+ Kf6  0-1